Un Pas de côté / (Record no. 137171)

MARC details
000 -CABECERA
campo de control de longitud fija 01904nam a2200325 i 4500
001 - NÚMERO DE CONTROL
campo de control 991061729802506706
003 - IDENTIFICADOR DEL NÚMERO DE CONTROL
campo de control ES-BaIT
005 - FECHA Y HORA DE LA ÚLTIMA TRANSACCIÓN
campo de control 20260302080703.0
008 - DATOS DE LONGITUD FIJA--INFORMACIÓN GENERAL
campo de control de longitud fija 251124e202509 fr r 000 1 fre d
020 ## - NÚMERO INTERNACIONAL ESTÁNDAR DEL LIBRO
Número Internacional Estándar del Libro 9782749817026
040 ## - FUENTE DE LA CATALOGACIÓN
Centro catalogador/agencia de origen ES-BaIT
Lengua de catalogación cat
Normas de descripción rda
Centro/agencia transcriptor ES-BaIT
080 ## - NÚMERO DE LA CLASIFICACIÓN DECIMAL UNIVERSAL
Número de la Clasificación Decimal Universal 840-2"19"
100 1# - ENTRADA PRINCIPAL--NOMBRE DE PERSONA
Nombre de persona Giafferi, Anne
Término indicativo de función/relación autor
9 (RLIN) 168754
245 10 - MENCIÓN DE TÍTULO
Título Un Pas de côté /
Mención de responsabilidad, etc. Anne Giafferi
264 #1 - PRODUCCIÓN, PUBLICACIÓN, DISTRIBUCIÓN, FABRICACIÓN Y COPYRIGHT
Producción, publicación, distribución, fabricación y copyright Paris :
Nombre del de productor, editor, distribuidor, fabricante L'avant-scène théâtre,
Fecha de producción, publicación, distribución, fabricación o copyright septembre 2025
300 ## - DESCRIPCIÓN FÍSICA
Extensión 87 pàgines ;
Dimensiones 21 cm
336 ## - TIPO DE CONTENIDO
Término de tipo de contenido text
Código de tipo de contenido txt
Fuente rdacontent
337 ## - TIPO DE MEDIO
Nombre/término del tipo de medio sense mediació
Código del tipo de medio n
Fuente rdamedia
338 ## - TIPO DE SOPORTE
Nombre/término del tipo de soporte volum
Código del tipo de soporte nc
Fuente rdacarrier
490 1# - MENCIÓN DE SERIE
Mención de serie L'Avant-scène théâtre ;
Designación de volumen o secuencia no 1582
500 ## - NOTA GENERAL
Nota general P8: D3, H5
500 ## - NOTA GENERAL
Nota general Publicat com no 1582 (septembre 2025) de la revista L'Avant-scène théâtre
500 ## - NOTA GENERAL
Nota general Estrena Théâtre de la Renaissance el 18 de setembre de 2025
520 ## - SUMARIO, ETC.
Sumario, etc. "Aux premiers jours du printemps, Catherine et Vincent font connaissance alors qu’ils se disputent le même banc, dans un jardin public. Malgré un début orageux, et bien qu’ils ne soient pas célibataires, ils prennent l’habitude de se retrouver au parc pour échanger, rire et se confier l’un à l’autre.Ces rencontres deviennent une bouffée de fraîcheur et de gaité pour les deux quinquagénaires. Mais à quel moment le charme perd-il son innocence ? Quand on est bien installé dans sa vie, jusqu’où est-on capable de s’aventurer ? Ce banc sera-t-il un tournant sur leur chemin, ou une simple parenthèse ?Scénariste et réalisatrice pour la télévision et le cinéma, Anne Giafferi est notamment la créatrice de la série Fais pas ci, fais pas ça.Un pas de côté est sa première pièce de théâtre. " -- Contracoberta
650 #0 - PUNTO DE ACCESO ADICIONAL DE MATERIA--TÉRMINO DE MATERIA
Término de materia o nombre geográfico como elemento de entrada Parelles
Subdivisión de forma Textos dramàtics
9 (RLIN) 168181
830 ## - PUNTO DE ACCESO ADICIONAL DE SERIE-TÍTULO UNIFORME
Título uniforme Avant-scène.
Nombre de parte o sección de la obra Théâtre
Designación de volumen o secuencia no 1582
9 (RLIN) 168170
908 ## - COLOCAR PARÁMETRO DE COMANDO (RLIN)
Colocar parámetro de comando CDMAE
940 ## - EQUIVALENCIA O REFERENCIA-CRUZADA--TÍTULO UNIFORME [OBSOLETO] [solamente CAN/MARC]
Título uniforme <a href="CDMAE">CDMAE</a>
942 ## - ELEMENTOS DE ENTRADA AGREGADA (KOHA)
Fuente del sistema de clasificación o colocación Clasificación decimal universal
Tipo de ítem Koha Llibre
Holdings
Estado de retiro Estado de pérdida Fuente del sistema de clasificación o colocación Estado dañado No para préstamo Localización permanente Ubicación/localización actual Ubicación en estantería Fecha de adquisición Fuente de adquisición Total de préstamos Signatura topográfica completa Código de barras Fecha visto por última vez Precio válido a partir de Tipo de ítem Koha
    Clasificación decimal universal     Biblioteca Barcelona Biblioteca Barcelona BCN Magatzem Revistes 02/03/2026 Compra   S 143-06 1900089893 02/03/2026 02/03/2026 Llibre

Powered by Koha